| 000 | 00401nam a2200169Ia 4500 | ||
|---|---|---|---|
| 008 | 230524s9999 xx 000 0 und d | ||
| 020 | _a9780143067078 | ||
| 082 | _bNIL | ||
| 100 |
_aNandan Nilekani _941749 |
||
| 245 | 0 | _aImagining India | |
| 250 | _a1 | ||
| 260 |
_a New Delhi _bPenguin _c2009 |
||
| 300 | _a531p; | ||
| 500 | _aQuantity Number: 1 | ||
| 650 |
_aMisalliance _941750 |
||
| 942 | _cBK | ||
| 999 |
_c56198 _d56198 |
||